| 000 | 00627nam a22002055a 4500 | ||
|---|---|---|---|
| 005 | 20161116142951.0 | ||
| 008 | 161114t2016 flua frb 001 0 eng d | ||
| 020 | _a9781482237153 | ||
| 082 | 0 | 4 |
_a363.32517 _bGOM _222 |
| 100 | 1 | _aGomis, Benoit. | |
| 245 | 1 | 0 |
_aCounterterrorism : _breassessing the policy response / _cBenoit Gomis. |
| 260 |
_aBoca Raton : _bCRC Press, _c2016. |
||
| 300 |
_axxi, 219 p. : _bill, ; _c24 cm. |
||
| 500 | _aIndex : p. 213-219. | ||
| 590 | _aSuzan Ashmawy | ||
| 650 | 7 |
_2BUEsh _aTerrorism. _xGovernment policy. _xPrevention. |
|
| 651 | _2BUEsh | ||
| 653 |
_bBUSBOL _cNovember2016 |
||
| 942 | _2ddc | ||
| 999 |
_c23110 _d23082 |
||